=LDR 00000nam 2200000 4500 =001 INLIS000000000026620 =005 20201215073822 =035 ##$$a 0010-061300000026620 =008 201215################g##########0#ind## =041 ##$$a Ind =082 ##$$a 330.015 7 =090 ##$$a 330.0151, Bum m =100 ##$$a Bumulo, Hussain =245 1#$$a Matematika untuk ekonomi dan aplikasinya /$c Hussain Bumulo, Djoko Mursinto =260 ##$$a Surabaya :$b [ s.n ],$c 2001 =300 ##$$a x, 253 hlm ; $c 23 x 15 cm =650 #4$$a Ekonomi - matematika =700 #$$a Djoko Mursinto =850 ##$$a NBPNMAT =084 ##$$a 330.015 7 BUM m =504 ##$$a Bibliografi: hal 253 =990 ##$$a 00084566 =990 ##$$a 20703442 =990 ##$$a 20703443 =990 ##$$a 00045038 =990 ##$$a 3117931179 =990 ##$$a 1202400001 =990 ##$$a 00084566 =990 ##$$a 20703442 =990 ##$$a 20703443 =990 ##$$a 00045038 =990 ##$$a 00020002 =990 ##$$a 10581058 =990 ##$$a 22785 pb.07 =990 ##$$a 00084566 =990 ##$$a 20703442 =990 ##$$a 20703443 =990 ##$$a 00045038 =990 ##$$a 1202400001 =990 ##$$a 1202400002